Word Ladder: Driving Quiz Stats

 Plays Quiz Updated Dec 17, 2012

Support Sporcle.
Go Orange.
Score 0/37 Timer 04:00
0 Plays Today
Clue Word % Correct
⊗ Place your vehicle in a lot ⊗⊗ PARK ⊗
96.4%
⊗ Automobiles ⊗⊗ CARS ⊗
95.6%
⊗ Rotate the car at an intersection ⊗⊗ TURN ⊗
95.5%
Harsh cry from a dogBARK
95.4%
⊗ The British drive on this side of the road ⊗⊗ LEFT ⊗
94.8%
⊗ What you drive on ⊗⊗ ROAD ⊗
94.6%
Mikey's favored cereal?LIFE
94.5%
A lion's yellROAR
94.5%
Prohibits from entryBARS
93.9%
⊗ What you must do at a red light ⊗⊗ STOP ⊗
93.6%
Third word in 1974's Best PicturePART
92.9%
Fly high in the airSOAR
92%
Raise to a higher positionLIFT
91.8%
Hand washing needSOAP
91.7%
⊗ Speed you must drive over a speed bump ⊗⊗ SLOW ⊗
90.5%
Walking stickCANE
90.4%
A thin continuous markLINE
90.2%
Hit something with your palmSLAP
89.8%
To interpret written materialREAD
89%
Clue Word % Correct
Type of machine for gamblingSLOT
88.6%
Pulled apartTORN
88.6%
Fires, perhapsCANS
87.8%
A long narrow cutSLIT
86.5%
Moved along a smooth surfaceSLID
86.5%
Popable pastry?TART
85.3%
Store an objectSTOW
85%
Spilled liquidSLOP
85%
⊗ Your car may do this on ice ⊗⊗ SKID ⊗
84.9%
⊗ 'Passing' and 'High Occupancy', e.g. ⊗⊗ LANE ⊗
84.7%
SNL component, perhapsSKIT
82.6%
Wrongful actTORT
78.9%
Degree of warmthHEAT
78.9%
The leader of an organizationHEAD
78.1%
Weight of object; importanceHEFT
78%
⊗ Get off the highway ⊗⊗ EXIT ⊗
70.4%
Produce and send out energyEMIT
55.6%
To infect, in Scot dialectSMIT
52.3%

Today's Daily Dose

Missing Word
'80s Musicals

Word Ladder
Hereditary

Get the Picture
Food Names

From the Vault

6 to 1: Flags

by mg10

This title makes us want to take an office vacation to Six Flags.
Remove Ads.
Support Sporcle.
Get the best of Sporcle when you Go Orange. This ad-free experience offers more features, more stats, and more fun while also helping to support Sporcle. Thank you for becoming a member.

Show Comments

Extras

Top Quizzes Today


Score Distribution

Your Account Isn't Verified!

In order to create a playlist on Sporcle, you need to verify the email address you used during registration. Go to your Sporcle Settings to finish the process.

Report this User

Report this user for behavior that violates our Community Guidelines.

Details: